000 01561cam a2200373 a 4500
001 17700012
003 SISC
005 20170130111155.0
008 130416s2013 njua 001 0 eng d
010 _a 2013938102
015 _aGBB301775
_2bnb
016 7 _a016246574
_2Uk
020 _a9781118436417 (pbk.)
020 _a1118436415 (pbk.)
035 _a(OCoLC)ocn824182632
040 _aUKMGB
_beng
_cUKMGB
_dOCLCO
_dCGP
_dYDXCP
_dHBP
_dHHO
_dIK2
_dBTCTA
_dGK8
_dCXP
_dILC
_dVP@
_dBUR
_dOCLCF
_dDLC
042 _alccopycat
050 0 0 _aHF 5383
_b.K423 2013
082 0 4 _a650.142
100 1 _aKennedy, Joyce Lain.
245 1 0 _aJob search letters for dummies /
_cby Joyce Lain Kennedy.
260 _aHoboken, N.J. :
_bWiley ;
_aChichester :
_bJohn Wiley [distributor],
_c2013.
300 _axii, 340 pages :
_billustrations ;
_c23 cm.
490 1 _aFor dummies
500 _aIncludes index.
505 0 _aPt. 1. New tools for new times -- pt. 2. Essential job search letters -- pt. 3. Creative fresh messages -- pt. 4. Best writing elements -- pt. 5. The part of tens.
520 _aKennedy delivers the know-how you need right now to land good jobs and thrive. From networking on social media to the etiquette of after-interview follow-up, she has tips that will help you identify and sell your marketable skills.
650 0 _aCover letters.
830 0 _a--For dummies.
906 _a7
_bcbc
_ccopycat
_d2
_encip
_f20
_gy-gencatlg
942 _2lcc
_cBK
999 _c293090
_d293090